000
00307 a2200109 4500
001
ART_10232
005
20260410161848.0
008
260409a
245
1
0
_a
El impuesto a la tierra
100
1
_a
Piñeiro, Martín E.
773
0
_t
Económica
_g
- Año XVI, Nº3 (sep./dic. 1970)
_w
REV7541
999
_c
24730
_d
24730